000 00635nam a2200205 i 4500
001 34114
003 ES-MaACL
005 20260210161948.0
007 t|
008 030204s1957 sp ||||1| spa d
100 1 _aBoerger, Alberto.
_929751
245 1 0 _aAbastecimiento mundial y agricultura moderna /
_cpor Alberto Boerger.
250 _a[1ª ed.].
260 _aBarcelona, etc. :
_bSalvat,
_c1957 (
_fImp. Hispano-Americana)
300 _aXXIII, 808 p. ;
_c22 cm.
490 1 _aColección agrícola Salvat
830 0 _aColección agrícola Salvat
_9181203
852 _aES-MaACL
_jC-12553
_bR.40653
999 _c34114
_d34114